[Event "Canadian op"]
[Site "Quebec"]
[Date "2018.07.13"]
[Round "8"]
[White "Zhang, Henry"]
[Black "Boshoff, Thomas"]
[Result "1/2-1/2"]
[WhiteElo "1979"]
[BlackElo "1939"]
[PlyCount "86"]
[EventDate "2018.07.07"]
[EventType "swiss"]
[EventRounds "9"]
[EventCountry "CAN"]
[SourceTitle "EXT 2019"]
[Source "ChessBase"]
[SourceDate "2018.10.10"]
[SourceVersion "1"]
[SourceVersionDate "2018.10.10"]
[SourceQuality "1"]

1. e4 c5 2. Nf3 d6 3. d4 cxd4 4. Nxd4 Nf6 5. Nc3 a6 6. h3 e5 7. Nde2 Be6 8. g4 Nc6 9. Bg2 Rc8 10. Ng3 Be7 11. 0-0 0-0 12. Nd5 Qa5 13. Bd2 Qb5 14. a4 Qc4 15. Nb6 Qd4 16. Nxc8 Rxc8 17. Bc3 Qc5 18. Re1 Nd7 19. Qd2 Bh4 20. Kh2 Nb6 21. b4 Qc4 22. Bf1 Nd4 23. Bxd4 Qxd4 24. Qxd4 exd4 25. Bd3 Bg5 26. Re2 Nc4 27. b5 a5 28. Nf5 Bf4+ 29. Kg2 Kf8 30. Nxd4 Ne5 31. Nxe6+ fxe6 32. Ra3 Ke7 33. Rb3 b6 34. Re1 g5 35. Rd1 h6 36. Ra3 Ng6 37. Ra2 Rc3 38. Kf1 Ne5 39. Kg2 Ng6 40. Rb1 Nh4+ 41. Kf1 Nf3 42. Rd1 Kf6 43. Kg2 Nh4+ 1/2-1/2

[Event "Canadian op"]
[Site "Quebec"]
[Date "2018.07.09"]
[Round "4"]
[White "Dube, Daniel"]
[Black "Boshoff, Thomas"]
[Result "0-1"]
[WhiteElo "1664"]
[BlackElo "1939"]
[PlyCount "62"]
[EventDate "2018.07.07"]
[EventType "swiss"]
[EventRounds "9"]
[EventCountry "CAN"]
[SourceTitle "EXT 2019"]
[Source "ChessBase"]
[SourceDate "2018.10.10"]
[SourceVersion "1"]
[SourceVersionDate "2018.10.10"]
[SourceQuality "1"]

1. e4 c5 2. Nf3 d6 3. d4 cxd4 4. Nxd4 Nf6 5. Nc3 a6 6. Bg5 e6 7. Qf3 Be7 8. 0-0-0 Nbd7 9. Be2 Qc7 10. Kb1 b5 11. Bd3 Bb7 12. Rhe1 0-0 13. Qh3 h6 14. Bd2 Ne5 15. f4 Nc4 16. Bxc4 Qxc4 17. Nb3 a5 18. g4 Rfc8 19. Rg1 Nxe4 20. g5 Nf2 21. gxh6 Nxh3 22. Rxg7+ Kf8 23. Rg3 Nf2 24. Rdg1 Bf6 25. h7 Bh8 26. f5 Qh4 27. Nxb5 Ne4 28. Rg8+ Ke7 29. Bxa5 Qxh7 30. Rxc8 Rxc8 31. fxe6 Qxh2 0-1